000 00277nam a2200121Ia 4500
008 231106s2020 xx 000 0 und d
041 _aeng
082 _a751.42
100 _aMARK DANIEL NELSON
245 _aABSTRACT NATURE
260 _bSEARCH PRESS
_c2020
300 _aP-144
999 _c920134
_d920134